000
00228nam a2200097Ia 4500
008
120527s9999 xx 000 0 und d
100
_a
Tillett,L.
245
_a
African art in needlework
260
_b
Thomas Y.Co,Pub
942
_c
BK
999
_c
20579
_d
20579